Countries with the most quantity of characters in their type-ins - Statistics

General Stats
  • This quiz has been taken 10 times
  • The average score is 7 of 32
Answer Stats
# of type-ins Country % Correct
5 Dominican Republic
80%
6 United States
80%
6 North Macedonia
50%
7 Solomon Islands
40%
5 United Arab Emirates
40%
7 Ivory Coast
30%
9 Liechtenstein
30%
5 Mauritania
30%
10 Papua New Guinea
30%
8 Equatorial Guinea
20%
5 Guatemala
20%
6 Guinea-Bissau
20%
7 Kazakhstan
20%
6 Kyrgyzstan
20%
7 Philippines
20%
4 Portugal
20%
4 Tajikistan
20%
5 Uzbekistan
20%
6 Vatican City
20%
5 Venezuela
20%
9 Azerbaijan
10%
6 Bahamas
10%
6 Burkina Faso
10%
6 Comoros
10%
6 Djibouti
10%
5 Eritrea
10%
6 Honduras
10%
4 Maldives
10%
4 Monaco
10%
6 Mauritius
0%
5 Paraguay
0%
5 Uruguay
0%
No matching quizzes found
Score Distribution
Percent of People with Each Score
Percentile by Number Answered
Your Score History
You have not taken this quiz